[Event "Stay Safe Play From Home 143"]
[Site "T#645979Emanuel Laske"]
[Date "2020.05.12"]
[Round "6"]
[White "matanant"]
[Black "Kuewba"]
[Result "1-0"]
[WhiteElo "1532"]
[BlackElo "1629"]
[Annotator "NA RC"]
[PlyCount "101"]
[EventDate "2020.05.12"]
[EventType "swiss (blitz)"]

1. b3 {[%emt 0:00:01]} b6 {[%emt 0:00:02]} 2. Bb2 {[%emt 0:00:00]} Nf6 {[%emt 0:00:02]} 3. d3 {[%emt 0:00:00]} e6 {[%emt 0:00:01]} 4. e4 {[%emt 0:00:00]} Be7 {[%emt 0:00:01]} 5. f4 {[%emt 0:00:00]} d5 {[%emt 0:00:02]} 6. Nf3 {[%emt 0:00:00]} O-O {[%emt 0:00:02]} 7. e5 {[%emt 0:00:01]} Nfd7 {[%emt 0:00:00]} 8. d4 {[%emt 0:00:01]} f6 {[%emt 0:00:00]} 9. Bd3 {[%emt 0:00:01]} f5 {[%emt 0:00:00]} 10. O-O {[%emt 0:00:02]} g6 {[%emt 0:00:00]} 11. Nbd2 {[%emt 0:00:02]} Rf7 {[%emt 0:00:00]} 12. c4 {[%emt 0:00:01]} Nf8 {[%emt 0:00:00]} 13. cxd5 {[%emt 0:00:02]} exd5 {[%emt 0:00:01]} 14. Ng5 {[%emt 0:00:02]} Rg7 {[%emt 0:00:02]} 15. Rc1 {[%emt 0:00:03]} Ne6 {[%emt 0:00:02]} 16. Ndf3 {[%emt 0:00:03]} Nxg5 {[%emt 0:00:01]} 17. Nxg5 {[%emt 0:00:01]} Nd7 {[%emt 0:00:02]} 18. Ne6 {[%emt 0:00:02]} Qe8 {[%emt 0:00:03]} 19. Nxc7 {[%emt 0:00:01]} Qf7 {[%emt 0:00:03]} 20. Nxa8 {[%emt 0:00:01]} Bb7 {[%emt 0:00:00]} 21. Nc7 {[%emt 0:00:02]} Nf8 {[%emt 0:00:01]} 22. Nb5 {[%emt 0:00:01]} a6 {[%emt 0:00:02]} 23. Nd6 {[%emt 0:00:01]} Qe6 {[%emt 0:00:03]} 24. Nxb7 {[%emt 0:00:02]} Bh4 {[%emt 0:00:01]} 25. Nd6 {[%emt 0:00:00]} Nd7 {[%emt 0:00:03]} 26. Ba3 {[%emt 0:00:01]} Be7 {[%emt 0:00:01]} 27. Rc7 {[%emt 0:00:05]} b5 {[%emt 0:00:01]} 28. Bc5 {[%emt 0:00:02]} Nxc5 {[%emt 0:00:02]} 29. dxc5 {[%emt 0:00:01]} Bxd6 {[%emt 0:00:01]} 30. cxd6 {[%emt 0:00:01]} Rxc7 {[%emt 0:00:01]} 31. Qc2 {[%emt 0:00:00]} Qc8 {[%emt 0:00:00]} 32. Qe2 {[%emt 0:00:01]} Rc3 {[%emt 0:00:02]} 33. e6 {[%emt 0:00:01]} Kf8 {[%emt 0:00:03]} 34. e7+ {[%emt 0:00:00]} Ke8 {[%emt 0:00:01]} 35. Qe5 {[%emt 0:00:02]} Qd7 {[%emt 0:00:01]} 36. Qh8+ {[%emt 0:00:02]} Kf7 {[%emt 0:00:01]} 37. Qf8+ {[%emt 0:00:00]} Ke6 {[%emt 0:00:01]} 38. e8=Q+ {[%emt 0:00:01]} Qxe8 {[%emt 0:00:00]} 39. Qxe8+ {[%emt 0:00:00]} Kxd6 {[%emt 0:00:01]} 40. Qe5+ {[%emt 0:00:00]} Kc5 {[%emt 0:00:01]} 41. Be2 {[%emt 0:00:01]} Kb4 {[%emt 0:00:01]} 42. Bf3 {[%emt 0:00:00]} Rc2 {[%emt 0:00:02]} 43. Qxd5 {[%emt 0:00:01]} Ka3 {[%emt 0:00:01]} 44. Qd6+ {[%emt 0:00:00]} Kb2 {[%emt 0:00:01]} 45. Rf2 {[%emt 0:00:00]} b4 {[%emt 0:00:02]} 46. Rxc2+ {[%emt 0:00:01]} Kxc2 {[%emt 0:00:01]} 47. Bd1+ {[%emt 0:00:01]} Kb2 {[%emt 0:00:00]} 48. Qd2+ {[%emt 0:00:01]} Ka3 {[%emt 0:00:01]} 49. Qc1+ {[%emt 0:00:01]} Kxa2 {[%emt 0:00:01]} 50. Qc2+ {[%emt 0:00:00]} Ka3 {[%emt 0:00:01]} 51. Be2 {[%emt 0:00:00] Zeit (Lag: Av=0.72s, max=1.4s)} 1-0

[Event "Stay Safe Play From Home 143"]
[Site "T#645979Emanuel Laske"]
[Date "2020.05.12"]
[Round "6"]
[White "Tobo Rubirosa"]
[Black "Praveen prasad"]
[Result "0-1"]
[WhiteElo "1439"]
[BlackElo "2146"]
[Annotator "TA"]
[PlyCount "72"]
[EventDate "2020.05.12"]
[EventType "swiss (blitz)"]

{[%evp 9,72,-106,-108,-99,-97,-108,11,-75,-67,-129,-115,-129,-103,-102,-95,-102,-110,-96,-94,-145,-132,-149,-100,-152,-113,-133,-134,-127,-110,-120,-125,-122,-120,-137,-106,-1202,-197,-181,-195,-195,-108,-104,-100,-134,-114,-114,-108,-110,-112,-234,-238,-442,-413,-406,-394,-408,-408,-380,-322,-1936,-792,-5397,-5357,-1672,-1597]} 1. Nf3 d5 2. d4 c5 3. c4 cxd4 4. g3 dxc4 5. Bg2 Nc6 6. O-O {[#] D06: Queen's Gambit: Symmetrical and Baltic Defences.} e5 $146 ({Predecessor:} 6... g6 7. Qa4 Bg7 8. Qxc4 Be6 9. Qb5 Qb6 10. Qxb6 axb6 11. Na3 d3 12. Nb5 Rxa2 13. Rxa2 Bxa2 14. exd3 {0-1 (54) Pessi,J (2088)-Kivimaki,J (2198) Finland 2013}) 7. Qa4 {[#] With the idea Nxe5.} Bd6 {[#]} ({Black should try} 7... Bd7 $1 $17 8. Qxc4 Be7) 8. Qxc4 (8. Nxd4 $1 $11 {[%mdl 512]} exd4 9. Bxc6+ bxc6 10. Qxc6+ {[%mdl 64] Double Attack} Qd7 11. Qxa8) 8... Nf6 9. Bg5 (9. e3 $1 $15) 9... O-O 10. Nbd2 h6 11. Bxf6 Qxf6 12. Ne4 Qe7 13. Nxd6 Qxd6 14. Rfd1 (14. Rfc1 $142) 14... Be6 $17 15. Qb5 Rab8 16. e3 (16. Nd2 $142) 16... a6 17. Qe2 Bd5 18. exd4 Bxf3 19. Bxf3 Nxd4 20. Qe3 Rfd8 21. Bg2 Qc5 22. Qc3 $2 {[%mdl 8192]} (22. Kh1 $17) 22... Qxc3 $2 (22... Ne2+ 23. Kf1 Nxc3 24. bxc3 Qxc3) 23. bxc3 $19 Ne2+ 24. Kf1 Nxc3 (24... Rxd1+ $19 25. Rxd1 Nxc3 {[%mdl 64] Double Attack}) 25. Rxd8+ $17 Rxd8 $19 {[%mdl 4096] Endgame KRB-KRN} 26. Rc1 Rd1+ 27. Rxd1 Nxd1 $17 {KB-KN} 28. Ke1 Nc3 29. Kd2 (29. Bxb7 $17 {was forced.} a5 30. a3) 29... Nxa2 $19 30. Kd3 $2 (30. Bxb7 a5 31. f3) 30... Nb4+ 31. Kc4 Nc6 32. Kc5 a5 33. Kb6 a4 34. Kxb7 $2 (34. Kb5) 34... a3 {Black is clearly winning.} 35. Bxc6 a2 36. Bd5 a1=Q {Accuracy: White = 41%, Black = 65%.} 0-1

[Event "Stay Safe Play From Home 143"]
[Site "T#645979Emanuel Laske"]
[Date "2020.05.12"]
[Round "6"]
[White "Mandy"]
[Black "Nagaram"]
[Result "0-1"]
[WhiteElo "923"]
[BlackElo "1485"]
[Annotator "NA RC"]
[PlyCount "38"]
[EventDate "2020.05.12"]
[EventType "swiss (blitz)"]

1. d4 {[%emt 0:00:03]} e6 {[%emt 0:00:01]} 2. Bf4 {[%emt 0:00:01]} d5 {[%emt 0:00:03]} 3. e3 {[%emt 0:00:01]} Nc6 {[%emt 0:00:02]} 4. Nf3 {[%emt 0:00:01]} Nf6 {[%emt 0:00:02]} 5. h3 {[%emt 0:00:01]} Bd6 {[%emt 0:00:02]} 6. Ne5 {[%emt 0:00:03]} Bxe5 {[%emt 0:00:02]} 7. Bd3 {[%emt 0:00:12]} Bxf4 {[%emt 0:00:00]} 8. exf4 {[%emt 0:00:02]} Nb4 {[%emt 0:00:00]} 9. Be2 {[%emt 0:00:12]} Nc6 {[%emt 0:00:02]} 10. c3 {[%emt 0:00:02]} e5 {[%emt 0:00:04]} 11. f5 {[%emt 0:00:06]} Nd7 {[%emt 0:00:01]} 12. Nd2 {[%emt 0:00:01]} g6 {[%emt 0:00:01]} 13. f4 {[%emt 0:00:05]} gxf5 {[%emt 0:00:01]} 14. g3 {[%emt 0:00:02]} exd4 {[%emt 0:00:00]} 15. Nf3 {[%emt 0:00:01]} dxc3 {[%emt 0:00:02]} 16. bxc3 {[%emt 0:00:03]} Na5 {[%emt 0:00:02]} 17. Rc1 {[%emt 0:00:02]} Nc5 {[%emt 0:00:00]} 18. c4 {[%emt 0:00:01]} dxc4 {[%emt 0:00:03]} 19. Bxc4 {[%emt 0:00:01]} Nxc4 {[%emt 0:00:00] Zeit (Lag: Av=0.88s, max=3.6s)} 0-1

[Event "Stay Safe Play From Home 143"]
[Site "T#645979Emanuel Laske"]
[Date "2020.05.12"]
[Round "7"]
[White "Praveen prasad"]
[Black "Mepe_Nika"]
[Result "0-1"]
[WhiteElo "2147"]
[BlackElo "2283"]
[Annotator "TA"]
[PlyCount "76"]
[EventDate "2020.05.12"]
[EventType "swiss (blitz)"]

{[%evp 14,76,21,-23,20,-4,0,-10,0,0,0,0,0,0,10,0,4,-18,0,0,0,0,0,0,0,0,0,0,0,-26,-29,-29,-6,-292,-275,-278,-142,-185,-38,-54,-36,-78,-41,-164,-62,-143,-143,-143,0,0,0,0,0,0,0,-8,0,0,0,-62,29963,-139,29958,29955,29959]} 1. e4 e5 2. Nf3 Nc6 3. Nc3 Nf6 4. Bb5 Bc5 5. O-O d6 6. d4 exd4 7. Nxd4 Bd7 8. Be3 O-O {C48: Four Knights: 4 Bb5, replies other than 4...Bb4.} 9. Bxc6 bxc6 {[#]} 10. f3 $146 ({Predecessor:} 10. Re1 Re8 11. f3 Rb8 12. Nb3 Bb6 13. Bxb6 axb6 14. Qd2 b5 15. Rad1 Be6 16. Nd4 Qd7 {½-½ (53) Vachier Lagrave,M (2788)-Caruana,F (2795) chess.com INT 2016}) 10... Rb8 {The position is equal.} 11. b3 Re8 12. Bf2 Bb6 13. Na4 d5 14. Nxb6 axb6 15. Bh4 c5 16. Ne2 Bb5 17. Re1 dxe4 18. Qxd8 Rbxd8 19. Bxf6 gxf6 20. Nc3 {[%mdl 64] Double Attack} Bc6 $36 {[%mdl 2048] Black has good play.} 21. fxe4 Rd2 22. Rac1 f5 {[%cal Rc6e4]} (22... Kg7 {is more complex.} 23. a4 c4 24. Red1 Rxd1+ 25. Rxd1 Bxe4 26. Nxe4 Rxe4 27. b4 c3) 23. exf5 $2 {[%mdl 8192]} (23. Nb1 $11 {and White has nothing to worry.} Rd4 24. exf5) 23... Rxe1+ $19 24. Rxe1 Rxc2 (24... Rxg2+ $19 25. Kf1 Rxc2) 25. Ne4 Bxe4 (25... Rxa2 $19 26. Re3 Rb2) 26. Rxe4 {[%mdl 4096] Endgame KR-KR} Kg7 27. g4 Rxa2 28. g5 (28. Re7 $15) 28... h6 (28... Ra3 $19 29. Re7 Rxb3) 29. h4 ({White should play} 29. gxh6+ $15 Kxh6 30. Re7) 29... hxg5 $17 30. hxg5 {intending Re7.} Rb2 (30... Rd2 $17 {And now ...Rd5 would win.} 31. Re3 c6) 31. Re7 $1 $11 Rb1+ 32. Kf2 {Strongly threatening g6.} Rb2+ 33. Ke1 {Threatening g6.} Kf8 34. Rxc7 Rb1+ 35. Kd2 Rxb3 36. f6 ({Better is} 36. g6 $11) 36... Ke8 $2 {[%mdl 8192] [#]} (36... Kg8 $15) 37. Rc8+ $1 Kd7 {[#]} 38. g6 $1 {[%cal Rg6f7][%mdl 576] Promotion} fxg6 {[%mdl 32768] Never resign too early! Accuracy: White = 66%, Black = 61%. . Loss on time!?} 0-1

[Event "Stay Safe Play From Home 143"]
[Site "T#645979Emanuel Laske"]
[Date "2020.05.12"]
[Round "7"]
[White "Chessencounter"]
[Black "rohit2007"]
[Result "1-0"]
[WhiteElo "2142"]
[BlackElo "2252"]
[Annotator "TA"]
[PlyCount "47"]
[EventDate "2020.05.12"]
[EventType "swiss (blitz)"]

{[%evp 9,46,-18,0,-6,-8,-181,-175,-186,-184,-191,-185,-187,-133,-161,-141,-161,-177,-216,-219,-218,-221,-222,-211,-221,-181,-189,-61,-139,-36,-178,-15,-31,29996,29997,29997,29998,29998,29999,29999]} 1. Nf3 c5 2. b3 Nc6 3. Bb2 d6 4. d3 e5 5. Nbd2 {[%cal Bb1d2,Bd2c4,Bc4e3][%mdl 32]} Nf6 6. e4 {A04: Unusual lines after 1 Nf3 and King's Indian Attack.} Be7 {[#]} 7. g4 $146 (7. a4 $11 {and White stays safe.}) ({Predecessor:} 7. a4 O-O 8. Nc4 Bg4 9. Be2 h6 10. h3 Be6 11. Qd2 a6 12. g4 Nh7 13. Ne3 {0-1 (67) Tolstoy,A (1228)-Bengtsson,J (1986) Stockholm 2018}) 7... Bxg4 $19 8. Be2 {Black is clearly better.} O-O 9. Nc4 b5 10. Ne3 Bh5 (10... Be6 $19 11. a4 b4) 11. Rg1 Bg6 12. h4 Nd4 13. Nxd4 cxd4 ({Don't do} 13... exd4 14. Ng2 $17) 14. Nf5 Bxf5 $1 15. exf5 Kh8 16. Qd2 h6 17. O-O-O {[%cal Ba1d1,Bd1g1,Bg1g4,Bg4g5][%mdl 32]} d5 (17... Rc8 $19 {Hoping for ...Nd5.} 18. Kb1 Rc7) 18. Kb1 (18. f4 $15 Qc7 19. fxe5 Qxe5 20. Bg4) 18... Rc8 ({Black should try} 18... a5 $17 {...Bb4 is the strong threat.} 19. a3 b4) 19. Bc1 {[#]} ({Better is} 19. f4 $15 Qc7 20. fxe5 Qxe5 21. Rde1) 19... Qc7 $2 {[#]} (19... Rg8 $1 $19 {Strongly threatening ...Bd6.} 20. Bb2 Bc5) 20. Rxg7 $1 $11 {[%mdl 512]} Kxg7 $4 {[%mdl 8192]} (20... Qxc2+ $15 21. Qxc2 Rxc2 22. Kxc2 Kxg7) 21. Qxh6+ {White mates.} Kg8 22. Rg1+ Ng4 23. Rxg4+ Bg5 24. Rxg5# {Accuracy: White = 55%, Black = 30%.} 1-0

[Event "Stay Safe Play From Home 143"]
[Site "T#645979Emanuel Laske"]
[Date "2020.05.12"]
[Round "7"]
[White "SoulofWolf"]
[Black "Weltszmerc"]
[Result "1/2-1/2"]
[WhiteElo "2141"]
[BlackElo "2087"]
[Annotator "TA"]
[PlyCount "115"]
[EventDate "2020.05.12"]
[EventType "swiss (blitz)"]

{[%evp 15,115,24,18,-5,0,-5,-11,-18,-24,-25,-5,-13,50,20,46,19,23,6,0,-26,-14,-26,-30,-22,0,0,0,-14,-18,-24,18,18,18,18,18,18,22,14,18,18,18,17,29,29,29,17,29,2,29,2,4,4,11,0,0,-10,0,-85,0,-3,0,-8,-8,-20,-20,-20,-20,-162,-12,-166,0,-47,-47,-29985,-29986,-29989,-29990,-29990,-29991,-29991,-29992,-29992,-29992,-29994,-29994,-29994,-29993,-29993,-29993,-29993,-29994,-29994,-29994,-29994,-29993,-29994,-29994,-29996,-29994,-29997,-29997,-29998]} 1. Nf3 d5 2. g3 c6 3. Bg2 Bf5 4. O-O e6 5. d3 h6 6. b3 Bc5 7. Bb2 Nf6 8. Nbd2 O-O 9. d4 {A07: Réti Opening: New York and Capablanca Systems.} Be7 10. Re1 Nbd7 11. Ne5 {The position is equal.} Nxe5 12. dxe5 Nd7 13. e4 dxe4 ({Better is} 13... Bg6 $11) 14. Nxe4 Bxe4 15. Bxe4 Qc7 {[#]} 16. f4 $146 ({Predecessor:} 16. Qh5 Rfd8 17. c4 Nc5 18. Bc2 Nd3 19. Bxd3 Rxd3 20. Rad1 Rad8 21. Qe2 Qd7 22. Rxd3 Qxd3 23. Qxd3 Rxd3 {½-½ (30) Grau,R-Iliesco,J Buenos Aires 1931}) 16... Rad8 17. Qf3 Nc5 18. Rad1 Nxe4 19. Qxe4 Rxd1 20. Rxd1 Rd8 21. Rd3 Rxd3 22. Qxd3 Qd8 (22... Qa5 {with more complications.} 23. a4 Qe1+ 24. Kg2 Bc5 25. Qd8+ Kh7) 23. Qxd8+ Bxd8 $11 {[%mdl 4096] Endgame KB-KB} 24. Bd4 b6 25. Kf2 Kf8 26. c4 Ke7 27. Ke3 Kd7 28. Ke4 c5 29. Bc3 g6 30. g4 Kc6 31. h3 a6 32. Bd2 Bh4 33. Be3 b5 34. cxb5+ Kxb5 35. Kd3 Be1 36. Ke4 {[#]} (36. a3 $11 {remains equal.}) 36... Bc3 ({Black should try} 36... c4 $1 $17 {[%cal Rc4b3] And now ...cxb3 would win.} 37. bxc4+ Kxc4) 37. f5 gxf5+ 38. gxf5 h5 $1 39. Bc1 c4 {Threatens to win with ...cxb3.} 40. fxe6 fxe6 {Hoping for ...cxb3.} 41. Kf4 {[#]} (41. Ba3 $1 $11 {and White has nothing to worry.}) 41... Ba1 (41... Kb4 $1 $19 42. bxc4 Kxc4) 42. Kg5 $2 (42. bxc4+ $1 $11 Kxc4 43. Ke4) 42... c3 $2 (42... Bxe5 $19 {White must now prevent ...c3.} 43. Kxh5 c3) 43. Kxh5 Bb2 44. Kg6 $2 {[%mdl 8192]} (44. Bg5 $15) 44... Bxc1 {KB-KP. Black mates.} 45. h4 Bd2 46. Kf6 c2 47. Kxe6 c1=Q 48. Kf6 Qh1 49. e6 Qxh4+ 50. Kf7 Bb4 51. e7 Qxe7+ 52. Kg6 Qe2 53. a4+ Ka5 54. Kf5 Qd3+ 55. Ke6 Qxb3+ 56. Kd7 Qxa4+ 57. Kc7 Qb5 58. Kd8 {[%mdl 32768] Accuracy: White = 60%, Black = 75%. . An unexpected result.} 1/2-1/2

[Event "Stay Safe Play From Home 143"]
[Site "T#645979Emanuel Laske"]
[Date "2020.05.12"]
[Round "7"]
[White "Lazieri3"]
[Black "Little champs"]
[Result "0-1"]
[WhiteElo "2093"]
[BlackElo "2195"]
[Annotator "TA"]
[PlyCount "68"]
[EventDate "2020.05.12"]
[EventType "swiss (blitz)"]

{[%evp 9,67,-9,-6,-36,-33,-31,-29,-22,-21,-35,-35,-38,-32,-27,59,-38,-13,-100,-55,-78,-81,-72,-80,-81,-68,-127,-119,-212,-126,-192,-182,-200,-85,-317,-298,-621,-629,-637,-614,-670,-659,-652,-633,-612,-609,-743,-736,-741,-730,-2239,-2153,-29995,-29996,-29996,-29997,-29997,-29998,-29998,-29999,-29999]} 1. e4 d6 2. Nc3 Nf6 3. Nf3 e5 4. d3 Be7 5. Bg5 O-O 6. Bxf6 {C42: Petroff Defence: 3 Nxe5 and unusual White 3rd moves.} Bxf6 {[#]} 7. Nd5 $146 ({Predecessor:} 7. Be2 Be6 8. O-O Nc6 9. Qd2 Nd4 10. Nxd4 exd4 11. Nb5 a6 12. Na3 Bg5 13. Qe1 b5 14. Nb1 Qf6 15. Nd2 Qh6 16. Rd1 Bf4 17. b3 Qxh2# {0-1 (17) Magalhaes,J-Faria,R Famalicao 2015}) 7... Be7 8. Nxe7+ {Black has an edge.} Qxe7 9. c3 f5 10. Be2 fxe4 11. dxe4 Bg4 (11... Nd7 $11) 12. Qd3 (12. Qd5+ $14 Kh8 13. Qxb7) 12... Nc6 13. O-O-O (13. Nd2 $11 Be6 14. O-O) 13... Kh8 14. h3 Be6 15. Kb1 a5 {[%cal Ba7a5,Ba5a4][%mdl 32]} 16. h4 a4 17. Ng5 (17. h5 $15) 17... Bg8 $17 18. a3 (18. Qe3 $17) 18... Rab8 (18... Rxf2 $19 19. Rdf1 Rxf1+ 20. Rxf1 h6) 19. Qe3 (19. Qb5 $17 {is a better defense.}) 19... b5 $19 20. h5 Rf4 (20... h6 $19 {and Black stays clearly on top.} 21. Nf3 Qf7) 21. h6 $2 {Now White is beyond hope.} (21. Nh3 $17 Rf6 22. Kc1) 21... Qxg5 {[%mdl 64] [#] Double Attack} 22. hxg7+ $2 (22. g3 Rg4 23. Bxg4 Qxg4 24. f3) 22... Qxg7 23. g3 Rf6 24. f4 Qf7 25. Kc1 exf4 26. gxf4 Rxf4 27. Rdg1 Ne5 28. Rh5 Rf8 29. Rgh1 Qa2 30. Qh3 Qa1+ {Black mates.} 31. Kc2 Bb3+ 32. Kd2 Qxb2+ 33. Ke3 Qxc3+ 34. Bd3 Qxd3# {Accuracy: White = 37%, Black = 59%.} 0-1

[Event "Stay Safe Play From Home 143"]
[Site "T#645979Emanuel Laske"]
[Date "2020.05.12"]
[Round "7"]
[White "CastlingArrocco"]
[Black "Onlyforchess"]
[Result "0-1"]
[WhiteElo "2071"]
[BlackElo "2586"]
[Annotator "TA"]
[PlyCount "42"]
[EventDate "2020.05.12"]
[EventType "swiss (blitz)"]

{[%evp 9,42,-42,-36,-65,-64,-64,-59,-68,-50,-49,-45,-62,-11,-25,35,-116,-123,-184,-193,-304,-295,-667,-662,-724,-592,-1177,-1134,-3980,-3680,-29992,-29993,-29997,-29993,-29993,-1199]} 1. Nc3 c5 2. Nf3 Nc6 3. g3 Nf6 4. Bg2 d5 5. d3 d4 6. Ne4 {A00: Irregular Openings.} Nxe4 7. dxe4 e5 8. e3 {[#] Black is slightly better.} Bd6 $146 ({Predecessor:} 8... Be7 9. exd4 cxd4 10. c3 Bg4 11. h3 Bh5 12. Qb3 Qc7 13. g4 Bg6 14. cxd4 exd4 {1-0 (34) Laurent,C-Onstad,P CServe email 1995}) 9. exd4 cxd4 10. O-O h5 (10... Bg4 $15) 11. Qe2 h4 ({Black should play} 11... Be7 $11) 12. Bg5 $2 {[#]} (12. Nxh4 $14 g6 13. c3) 12... f6 $17 13. Bxh4 (13. Bd2 $17) 13... g5 14. Bxg5 (14. c3 {keeps fighting.}) 14... fxg5 $19 15. Nxg5 $2 (15. c3) 15... Qxg5 16. Qc4 Ke7 17. f4 exf4 {[#] Threatens to win with ...Rxh2!} 18. gxf4 Bxf4 19. h3 Bxh3 {[%csl Gh3][%cal Rg5g2] Black mates.} 20. Qe2 Bxg2 21. Qxg2 Be3+ {Accuracy: White = 22%, Black = 69%.} (21... Bh2+ $142 22. Kh1 Bc7+ 23. Kg1 Qxg2+ 24. Kxg2 Rh2+ 25. Kf3 Rf8+ 26. Kg4 Rg8+ 27. Kf5 Rh5#) 0-1

[Event "Stay Safe Play From Home 143"]
[Site "T#645979Emanuel Laske"]
[Date "2020.05.12"]
[Round "7"]
[White "Fischer_11"]
[Black "Haxhi Baha"]
[Result "1-0"]
[WhiteElo "2023"]
[BlackElo "2004"]
[Annotator "TA"]
[PlyCount "113"]
[EventDate "2020.05.12"]
[EventType "swiss (blitz)"]

{[%evp 9,113,18,37,30,33,33,42,21,46,49,61,8,34,4,51,0,15,-33,33,21,166,6,196,176,218,154,204,63,73,68,164,30,36,39,154,-53,-39,-35,58,-43,52,48,80,70,212,230,224,198,213,213,235,208,241,208,254,242,685,676,648,657,860,727,706,692,683,-111,29985,29986,29986,29987,29987,29988,29988,6111,2808,1204,1066,996,2618,2618,6243,2715,12832,12833,12836,12835,6031,2065,5721,5595,12837,12839,12839,12837,12837,12837,12837,12837,12838,12838,12846,12845,12846,12845,12848,12844]} 1. e4 e6 2. d4 d5 3. Nd2 Nf6 4. e5 Nfd7 5. f4 a6 6. c3 {C05: French Tarrasch: 3...Nf6 4 e5 Nfd7, 5 f4 and 5 Bd3 sidelines.} c5 7. Ndf3 Nc6 8. g3 {[#] White is slightly better.} f6 $146 ({Predecessor:} 8... b5 9. Bh3 cxd4 10. cxd4 Bb4+ 11. Kf2 Qb6 12. Kg2 Qc7 13. f5 exf5 14. Bf4 Qb6 15. Bxf5 Ndxe5 16. Bxc8 Nxf3 {½-½ (41) Ilyasli,U (2148)-Guliyev,H (1997) Baku 2019}) 9. Bh3 cxd4 10. cxd4 (10. Nxd4 $14 Nxd4 11. cxd4) 10... Nb6 11. Kf1 fxe5 12. fxe5 Be7 13. Kg2 O-O ({Black should play} 13... Kd7 $1 $15) 14. Ne2 h6 (14... Qe8 $1 $11) 15. Rf1 $2 (15. Nf4 $18) 15... Nc4 $2 (15... g5 $11 {and Black stays safe.}) 16. b3 Nb6 17. Be3 Bd7 {intending ...g5.} 18. Rc1 (18. Nf4 $18) 18... Qe8 19. Qd2 Qh5 (19... Qg6 $14) 20. g4 (20. Nf4 $18 Qe8 21. Rxc6 (21. Nxe6 $2 Bb4 $19) (21. Bxe6+ $2 Bxe6 22. Nxe6 Bb4 $17 {[%mdl 64] Discovered Attack}) 21... bxc6 22. Bxe6+ Bxe6 23. Nxe6) 20... Qg6 $11 21. Ng3 Rf7 {[#]} ({Black should try} 21... Rac8 $14) 22. Qc2 $2 (22. g5 $1 $16 {Threatens to win with Nh4.} Qh7 23. gxh6 gxh6 24. Bxh6) 22... Qxc2+ $15 23. Rxc2 Raf8 (23... g5 $15) 24. Rcf2 (24. g5 $1 $14) 24... Nb4 ({Better is} 24... g5 $1 $15) 25. g5 $1 $36 {[%cal Rg5g6][%mdl 2048] And now g6 would win. Black is under pressure.} Nd3 {[#]} 26. g6 $1 {[%cal Rg6f7] Black is now going downhill.} Nf4+ (26... Rf4 $1 $14) 27. Bxf4 $1 $18 Rxf4 28. Ne2 Re4 29. Nd2 Re3 30. Rxf8+ Bxf8 31. Rf2 Rd3 32. Nf4 Rxd4 $2 (32... Rxh3 33. Kxh3 Be7) 33. Bxe6+ Bxe6 34. Nxe6 {[%csl Ge6][%cal Rf2f8]} Bc5 {Now ...Rg4+ and Black clings on.} 35. Nxc5 Rg4+ 36. Kf1 {Black must now prevent e6.} Rxg6 37. Ne6 $2 (37. e6 $18 Rf6 38. Rxf6 gxf6 39. Nd7) 37... Kh7 $2 {[%mdl 8192]} (37... Rxe6 $17 38. Nf3 Nd7) 38. Nf8+ {[%mdl 64] Double Attack} Kg8 39. Nxg6 Kh7 40. Nf4 g5 41. Nxd5 (41. e6 $142 Nc8 42. Nxd5 Nd6 43. Nc4 Ne8 44. Nf6+ Nxf6 45. Rxf6 g4 46. e7) 41... Nxd5 {White is clearly winning.} 42. Re2 Kg6 43. Ne4 Ne7 44. Nd6 Kg7 45. Nxb7 g4 46. Nc5 h5 47. Rf2 Kg6 48. Rg2 Kg5 49. h3 Nf5 50. hxg4 hxg4 51. Ne4+ Kf4 52. Ke2 Nd4+ 53. Kd3 Ne6 54. Rxg4+ Kxe5 55. Nd6 Nc5+ 56. Kc3 Ne6 57. Kb2 {Accuracy: White = 49%, Black = 23%.} 1-0

[Event "Stay Safe Play From Home 143"]
[Site "T#645979Emanuel Laske"]
[Date "2020.05.12"]
[Round "7"]
[White "Ironmike"]
[Black "Don59as"]
[Result "1-0"]
[WhiteElo "1892"]
[BlackElo "2069"]
[Annotator "RC"]
[PlyCount "47"]
[EventDate "2020.05.12"]
[EventType "swiss (blitz)"]

1. e4 {[%emt 0:00:01]} e5 {[%emt 0:00:01]} 2. Nf3 {[%emt 0:00:01]} Nc6 {[%emt 0:00:01]} 3. Bc4 {[%emt 0:00:00]} d6 {[%emt 0:00:01]} 4. d4 {[%emt 0:00:01]} exd4 {[%emt 0:00:01]} 5. Nxd4 {[%emt 0:00:01]} Nf6 {[%emt 0:00:00]} 6. Nxc6 {[%emt 0:00:01]} bxc6 {[%emt 0:00:00]} 7. Bg5 {[%emt 0:00:01]} Be7 {[%emt 0:00:01]} 8. O-O {[%emt 0:00:00]} Nxe4 {[%emt 0:00:02]} 9. Bxe7 {[%emt 0:00:01]} Qxe7 {[%emt 0:00:01]} 10. Re1 {[%emt 0:00:00]} d5 {[%emt 0:00:01]} 11. f3 {[%emt 0:00:01]} Qc5+ {[%emt 0:00:02]} 12. Kh1 {[%emt 0:00:01]} Qxc4 {[%emt 0:00:01]} 13. fxe4 {[%emt 0:00:02]} O-O {[%emt 0:00:01]} 14. exd5 {[%emt 0:00:02]} cxd5 {[%emt 0:00:00]} 15. Nc3 {[%emt 0:00:01]} Be6 {[%emt 0:00:01]} 16. Qf3 {[%emt 0:00:03]} c6 {[%emt 0:00:01]} 17. Rad1 {[%emt 0:00:01]} Rab8 {[%emt 0:00:01]} 18. b3 {[%emt 0:00:02]} Qb4 {[%emt 0:00:01]} 19. Ne2 {[%emt 0:00:01]} Rfe8 {[%emt 0:00:03]} 20. Nf4 {[%emt 0:00:01]} Bf5 {[%emt 0:00:03]} 21. Qg3 {[%emt 0:00:02]} Rxe1+ {[%emt 0:00:02]} 22. Rxe1 {[%emt 0:00:00]} Bg6 {[%emt 0:00:02]} 23. Nd3 {[%emt 0:00:03]} Qd4 {[%emt 0:00:02]} 24. Qxb8# {[%emt 0:00:02] (Lag: Av=0.47s, max=1.0s)} 1-0